00707 2200253 4500001002100000005001500021035002000036007000300056008004100059082001200100084001400112100001700126245009900143260003700242300002400279650003600303040001700339850001200356090001600368041000800384250002500392990001800417990001800435INLIS00000000079309520200226015519 a0010-0718000045ta180704s1951 jbi g ind d04223a297 a297 TOH k0 aTohir, S. A.1 aKitab Faraid :bMenentukan pembagian barang-barang peninggalan kepada ahliwaris /cS. A. Tohir3 aBandung :bG. Kolff & Co.,c1951 a50 halaman ;c19 cm 4aWaris dan pewaris (Hukum Islam) aYOPDYOGbind aYOPDYOG aL 297 TOH k0 aind aTjitakan jang ke - 8 a59152-PD/A.18 a59152-PD/A.18